000 00510nam a2200157 4500
001 122696
003 ES-MaACL
005 20230906192027.0
007 t|
008 070214q1918 fr r ||||1| fre d
245 0 0 _aProblèmes de physique :
_bsolutionnaire du cours de physique : classe de première /
_cpar Une Réunion de Professeurs.
260 _aTours :
_bAlfred Mame et Fils,
_c[ca. 1918]
300 _a320 p. :
_bil. ;
_c22 cm.
650 0 0 _aFísica-
_vProblemas.
_912885
852 _aES-MaACL
_jC-7791
999 _c122696
_d122696